000 00744nam a2200229Ia 4500
003 OSt
005 20220926043028.0
006 a|||||r|||| 00| 0
007 ta
008 220923b |||||||| |||| 00| 0 eng d
037 _cGeneral Book
040 _aRTL
_cRTL
_beng
041 _2eng
_aeng
082 _a234:7p73,N65, K5
110 _aPlanning Conference on Informaiton Transfer Experiments (Massachusetts)(1965)
_9347154
245 0 _aReport Ed by Carld F J Overhage and R Joyce Harma
260 _c1965
650 _aLibrary Sicence
_9231926
700 _aPlanning Conference on Informaiton Transfer Experiments (Massachusetts)(1965)
_9347155
942 _h234:7p73,N65, K5
_cGB
_2CC
999 _c671299
_d671299